| 000 -LEADER |
| fixed length control field |
00843nam a2200241Ia 4500 |
| 001 - CONTROL NUMBER |
| control field |
4888 |
| 003 - CONTROL NUMBER IDENTIFIER |
| control field |
GE_BSU |
| 008 - FIXED-LENGTH DATA ELEMENTS--GENERAL INFORMATION |
| fixed length control field |
181216s||||||||xx |||||||||||||| ||und|| |
| 040 ## - CATALOGING SOURCE |
| Transcribing agency |
GE_BSU |
| 080 ## - UNIVERSAL DECIMAL CLASSIFICATION NUMBER |
| Universal Decimal Classification number |
811.112.2(075.8) |
| 100 ## - MAIN ENTRY--PERSONAL NAME |
| Personal name |
Ардова, В.В; Борисова, Н.М. Домбровская,Т.В. |
| 245 ## - TITLE STATEMENT |
| Title |
Учебник немецкого языка для заочных технических вузов |
| 245 ## - TITLE STATEMENT |
| Remainder of title |
Учебник для студ-заочников вузов |
| 245 ## - TITLE STATEMENT |
| Statement of responsibility, etc. |
Ред. М. Корольова |
| 250 ## - EDITION STATEMENT |
| Edition statement |
Изд.5-ое,исправ. |
| 260 ## - PUBLICATION, DISTRIBUTION, ETC. |
| Place of publication, distribution, etc. |
Москва |
| 260 ## - PUBLICATION, DISTRIBUTION, ETC. |
| Name of publisher, distributor, etc. |
Высшая школа |
| 260 ## - PUBLICATION, DISTRIBUTION, ETC. |
| Date of publication, distribution, etc. |
1984 |
| 300 ## - PHYSICAL DESCRIPTION |
| Extent |
319с.20 см. |
| 300 ## - PHYSICAL DESCRIPTION |
| Accompanying material |
Библиогр. с.312 |
| 653 ## - INDEX TERM--UNCONTROLLED |
| Uncontrolled term |
Учебник немецкого языка для вузов |
| 942 ## - ADDED ENTRY ELEMENTS (KOHA) |
| Koha item type |
წიგნი |